| 000 | 01422nam0a22003851 4500 | ||
|---|---|---|---|
| 001 | RU\NLR\A1SV\117200 | ||
| 005 | 20251203171251.9 | ||
| 035 | _a(NLR Aleph) 010437913 | ||
| 090 |
_a9879295 _c9879295 |
||
| 100 | _a20130311d1922 u y0rusy50 ca | ||
| 101 | 0 | _arus | |
| 102 | _aRU | ||
| 200 | 1 | _aСпутник кооператора на 1922 год | |
| 210 |
_aМ. _cЦентр. союз потреб. о-в и Моск. губ. союз потреб. о-в _d1922 |
||
| 215 |
_a176, [1] с. _d17 см |
||
| 320 | _aБиблиогр.: С.142-145 | ||
| 327 | 0 | _aАвт. ст.: В.Зенькович, Н.Макерова, А.Фишгендлер, М.Ширман, П.Кожаный, С.Денисов, Вязовкин, З.Дукаревич, Г.Крамаров, М.Розенфельд | |
| 620 | _dМосква | ||
| 702 | 1 |
_aЗенькович _bВ. |
|
| 702 | 1 |
_aМакерова _bН. |
|
| 702 | 1 |
_aФишгендлер _bА. |
|
| 702 | 1 |
_aШирман _bМ. |
|
| 702 | 1 |
_aКожаный _bП. М. _gПавел Матвеевич |
|
| 702 | 1 |
_aДенисов _bС. А. _gСергей Аверьянович |
|
| 702 | 1 | _aВязовкин | |
| 702 | 1 |
_aДукаревич _bЗ. |
|
| 702 | 1 |
_aКрамаров _bГ. |
|
| 702 | 1 |
_aРозенфельд _bМ. |
|
| 801 | 0 |
_aRU _bNLR _c20130311 |
|
| 852 |
_aNLR _j17.129.5.69 |
||
| 899 | _aРГБ | ||
| 942 | _cBOOK | ||
| 980 | _aNB | ||
| 980 | _aA1SV | ||